Meilleurs Buteurs de Ligue 1 saison 2023/2024 - Statistiques

Statistiques générales
  • Ce quiz a été pris 125 fois
  • Le résultat moyen est 11 sur 20
Statistiques - réponses
Classement Club Buts Joueur % Correct
Numéro 1 Paris Saint Germain 27 Kylian Mbappé
100%
Numéro 3 Olypique Lyonais 19 Alexandre Lacazette
98%
Numéro 2 LOSC Lille 19 Jonathan David
95%
Numéro 4 Olympique de Marseille 17 Pierre-Emerick Aubameyang
89%
Numéro 5 AS Monaco 16 Wissam Ben-Yedder
86%
Numéro 9 Paris Saint Germain 11 Gonçalo Ramos
70%
Numéro 7 FC Metz 13 Georges Mikautadze
65%
Numéro 11 HSC Montpellier 9 Teji Savanier
62%
Numéro 8 OGC Nice 11 Terem Moffi
58%
Numéro 10 Stade Rennais 10 Arnaud Kalimuendo
55%
Numéro 6 Toulouse FC 14 Thijs Dallinga
51%
Numéro 12 Stade Rennais 9 Benjamin Bourigeaud
43%
Numéro 20 HSC Montpellier 8 Akor Adams
35%
Numéro 15 Stade Brestois 8 Romain Del Castillo
35%
Numéro 13 AS Monaco 9 Takumi Minamino
35%
Numéro 18 FC Nantes 8 Mostafa Mohamed
30%
Numéro 19 Strasbourg Alsace 8 Emanuel Emegha
26%
Numéro 14 Olympique de Marseille 9 Elye Wahi
25%
Numéro 16 Clermont Foot 63 8 Muhammed Cham
17%
Numéro 17 FC Lorient 8 Mohamed Bamba
13%
Aucun quiz correspondant
Distribution des résultats
% des personnes avec chaque résultat
Percentile par nombre de réponses
Votre historique - résultats
Vous n’avez pas pris ce quiz